000 00623nam a2200229Ia 4500
003 OSt
005 20220918223340.0
006 a|||||r|||| 00| 0
007 ta
008 220917b |||||||| |||| 00| 0 eng d
024 _a222,054
037 _cTextual
040 _aARTS
_cARTS
_beng
041 _2eng
_aeng
082 _aR3xL24:g(W), P0
100 _aFlikschuh Katrin
_9145571
245 0 _aKant and modern political philosophy
260 _aU.K.
_bCambridge Uni. press
_c2000
300 _aix, 216p
_ccm.
942 _hR3xL24:g(W), P0
_cTEXL
_2CC
999 _c278240
_d278240